000 01153pam a22003371i 4500
001 016156079
003 EG-ScBUE
005 20250624083702.0
008 120820s2013 enka f 001 0 eng d
020 _a0521896975 (hbk.)
020 _a9780521896979 (hbk.)
040 _aEG-ScBUE
_beng
_erda
_cEG-ScBUE
_dEG-ScBUE
082 0 4 _a537.6
_222
_bZAN
100 1 _aZangwill, Andrew,
_932809
_eauthor.
245 1 0 _aModern electrodynamics /
_cAndrew Zangwill, Georgia Institute of Technology.
264 1 _aCambridge :
_bCambridge University Press,
_c2013.
300 _axxi, 977 pages :
_billustrations ;
_c26 cm
336 _2rdacontent
_atext
_btxt
337 _aunmediated
_2rdamedia
_bn
338 _avolume
_bnc
_2rdacarrier
500 _aIncludes index.
500 _aIncludes Appendices.
650 7 _aElectrodynamics.
_932810
_2BUEsh
650 7 _aElectrodynamics
_vProblems, exercises, etc.
_932811
_2BUEsh
650 7 _aElectromagnetism.
_932812
_2BUEsh
650 7 _aElectromagnetism
_vProblems, exercises, etc.
_932813
_2BUEsh
653 _cMarch2013
655 _vReading book
942 _2ddc
_cBB
999 _c17351
_d17323